Countries Under 2000m - Sudden Death - Statistics

General Stats
  • This quiz has been taken 17 times
  • The average score is 4 of 15
Answers on the Grid
Answers color-coded by a green-red scale on the quiz's grid according to % correct below.
Guinea
Saint Lucia
Belgium
Sierra Leone
Benin
San Marino
Cambodia
South Korea
Cyprus
Hungary
Jordan
Botswana
Cuba
Finland
UK
Djibouti
Portugal
Jamaica
Comoros
Somalia
Sri Lanka
Nicaragua
Eritrea
Germany
South Africa
Yemen
Morocco
Myanmar
North Korea
Liechtenstein
 
Answer Stats
Answer % Correct
Belgium
50%
Cyprus
50%
UK
40%
Cuba
30%
Hungary
30%
San Marino
30%
Sierra Leone
30%
Benin
20%
Botswana
20%
Finland
20%
Saint Lucia
20%
Cambodia
10%
Jordan
10%
South Korea
10%
Guinea
0%
No matching quizzes found
Score Distribution
Percent of People with Each Score
Percentile by Number Answered
Your Score History
You have not taken this quiz